000 00585nam a2200229Ia 4500
003 OSt
005 20220928102253.0
006 a|||||r|||| 00| 0
007 ta
008 220927b |||||||| |||| 00| 0 eng d
024 _a53522
037 _cTextual
040 _aSDCL
_cSDCL
_beng
041 _2eng
_aeng
082 _aV4313'N7, L5
100 _aHiggins Hugh
_9397537
245 0 _aVietnam
260 _aNew Delhi
_bHeinemann Educational Books
_c1975
300 _a152p
_ccm.
942 _hV4313'N7, L5
_cTEXL
_2CC
999 _c713341
_d713341